Ligne 41 RTM : bus marseillais - Statistiques

Statistiques générales
  • Ce quiz a été pris 3 fois
  • Le résultat moyen est 6 sur 27
Statistiques - réponses
Indice Arrêts vers le Prado % Correct
©M2-B1-19-22/s-23-44-45-72-83 Métro Rond Point du Prado
100%
©49-55-60-61-80 Breteuil Puget
50%
©M1-49-55-60-61-80 Vieux Port Ballard
50%
©M1-M2-T3-B1-19-73-74 Castellane
50%
©54-81 Estrangin Puget
50%
©M1 Métro Estrangin
50%
Paradis Fiolle
50%
©M2-73-74-86 Périer Prado
50%
©73-76-86 Place Délibes
50%
©B1-19-73-74 Prado Dupré
50%
©19-83-86 Prado St Giniez
50%
©49-55-60-61-80 Fort Notre Dame
0%
©54 Lieutaud Baille
0%
©54 Lieutaud Salvator
0%
Lycée Périer
0%
Paradis Dragon
0%
Paradis D'Urville
0%
Paradis Lord Duveen
0%
Paradis Mistral
0%
Paradis Ste Victoire
0%
Paradis Wulfran Puget
0%
©49-55-60-61-80-82/s-83 Place aux Huiles
0%
©49-54-61-80-81 Place de la Corderie
0%
©M1-54-81 Préfecture
0%
©54-60-61-80-81 Puget Fortia
0%
©54-81 Salvator Italie
0%
St Giniez
0%
Aucun quiz correspondant
Distribution des résultats
% des personnes avec chaque résultat
Percentile par nombre de réponses
Votre historique - résultats
Vous n’avez pas pris ce quiz